=LDR 00000nam 2200000 4500 =001 INLIS000000000046569 =005 20150409153220.0 =006 =007 =008 =035 ##$$0010-041500000000051 =082 ##$$a f rom k =090 ##$$a f rom k asi m =100 ##$$a fahri asiza =245 ##$$a mencari ajeng =260 ##$$a gema insani =300 ##$$a 110 hlm. =850 ##$$a NPBMAT =990 ##$$a 0001/BPAP-NTB/20142015